000 00413nam a22001457a 4500
005 20250604122314.0
008 250604b |||||||| |||| 00| 0 eng d
020 _a9781844741670
050 _aBV3765
_bBRO
100 _aBROWN LINDSAY
245 _aSHINIG LIKE STARS;
_bTHE POWER OF THE GOSPEL IN HE WORLD'S UNIVERSITIES
260 _aNOTTINGHAM
_bINTER-VARSITY PRESS
_cc2008
300 _a223p
942 _2lcc
_cBK
_n0
999 _c6253
_d6253